Elations: the poetics of enthusiasm in eighteenth-century Britain
Elations rewrites the history of early-18th-century English literature around the politics and poetics of "Enthusiasm." It examines the aesthetic theory of the period, traces the evolution and differentiation of a poetic enthusiasm from religious enthusiasm, and reassesses the poetry of tw...
MARC
| LEADER | 00000cam a22000002c 4500 | ||
|---|---|---|---|
| 001 | 646675834 | ||
| 003 | DE-627 | ||
| 005 | 20260324183107.0 | ||
| 007 | cr uuu---uuuuu | ||
| 008 | 110201s1999 xxu|||||o 00| ||eng c | ||
| 020 | |a 0804735417 |9 0-8047-3541-7 | ||
| 035 | |a (DE-627)646675834 | ||
| 035 | |a (DE-576)9646675832 | ||
| 035 | |a (DE-599)GBV646675834 | ||
| 035 | |a (EBC)EBC3037396 | ||
| 035 | |a (DE-627-1)032444664 | ||
| 035 | |a (EBL)EBL3037396 | ||
| 035 | |a (EBR)ebr10015696 | ||
| 040 | |a DE-627 |b ger |c DE-627 |e rakwb | ||
| 041 | |a eng | ||
| 044 | |c XD-US | ||
| 050 | 0 | |a PR555.E6 | |
| 082 | 0 | |a 811/.509 |2 21 | |
| 084 | |a 1 |2 ssgn | ||
| 100 | 1 | |a Irlam, Shaun |d 1959- |4 aut | |
| 245 | 1 | 0 | |a Elations |b the poetics of enthusiasm in eighteenth-century Britain |c Shaun Irlam |
| 264 | 1 | |a Stanford, Calif |b Stanford University Press |c c1999 | |
| 300 | |a Online-Ressource (viii, 284 p) |c 24 cm | ||
| 336 | |a Text |b txt |2 rdacontent | ||
| 337 | |a Computermedien |b c |2 rdamedia | ||
| 338 | |a Online-Ressource |b cr |2 rdacarrier | ||
| 500 | |a Originally presented as the author's thesis (doctoral--Johns Hopkins University) | ||
| 500 | |a Includes bibliographical references (p. 265-277) and index | ||
| 520 | |a Elations rewrites the history of early-18th-century English literature around the politics and poetics of "Enthusiasm." It examines the aesthetic theory of the period, traces the evolution and differentiation of a poetic enthusiasm from religious enthusiasm, and reassesses the poetry of two poets very popular in their time: James Thomson and Edward Young. | ||
| 530 | |a Electronic reproduction; Available via World Wide Web | ||
| 533 | |a Online-Ausg. |d 2005 |n Electronic reproduction; Available via World Wide Web |7 |2005|||||||||| | ||
| 600 | 1 | 0 | |a Young, Edward |d 1683-1765 |t Night thoughts |
| 600 | 1 | 0 | |a Thomson, James |d 1700-1748 |t Seasons |
| 650 | 0 | |a Sublime, The, in literature | |
| 650 | 0 | |a English poetry |y 18th century |x History and criticism | |
| 650 | 0 | |a Didactic poetry, English |x History and criticism | |
| 650 | 0 | |a Aesthetics, British |y 18th century | |
| 650 | 0 | |a Sentimentalism in literature | |
| 650 | 0 | |a Enthusiasm in literature | |
| 650 | 0 | |a English poetry -- 18th century -- History and criticism. | |
| 650 | 0 | |a Thomson, James, -- 1700-1748. -- Seasons. | |
| 650 | 0 | |a Didactic poetry, English -- History and criticism. | |
| 650 | 0 | |a Aesthetics, British -- 18th century. | |
| 650 | 0 | |a Young, Edward, -- 1683-1765. -- Night thoughts. | |
| 650 | 4 | |a Aesthetics, British ; 18th century | |
| 650 | 4 | |a Didactic poetry, English ; History and criticism | |
| 650 | 4 | |a English poetry ; 18th century ; History and criticism | |
| 650 | 4 | |a Thomson, James ; 1700-1748 ; Seasons | |
| 650 | 4 | |a Young, Edward ; 1683-1765 ; Night thoughts | |
| 650 | 4 | |a Electronic books | |
| 776 | 1 | |z 9780804735414 | |
| 776 | 0 | 8 | |i Erscheint auch als |n Druck-Ausgabe |a Elations : The Poetics of Enthusiasm in Eighteenth-century Britain |
| 787 | 0 | 8 | |i Rezensiert in |a Dix, Robin |t BOOK REVIEWS |d 2000 |w (DE-627)1780307616 |
| 856 | 4 | 0 | |u https://ebookcentral.proquest.com/lib/kxp/detail.action?docID=3037396 |m X:EBC |x Aggregator |z lizenzpflichtig |3 Volltext |7 1 |
| 912 | |a GBV-EBRARY-UBHIL | ||
| 912 | |a ZDB-38-EAC | ||
| 912 | |a ZDB-30-PAD | ||
| 912 | |a ZDB-30-PQE | ||
| 951 | |a BO | ||
| ELC | |a 1 | ||
| ORI | |a TA-MARC-ixtheo_oa001.raw | ||
| REL | |a 1 | ||
| SUB | |a REL | ||